United States of America Treasury notes of December 31, 1980, series W-1980.

Bibliographic Details
Corporate Author: United States. Department of the Treasury
Format: Government Document Book
Language:English
Published: Washington : Treasury Dept., Office of the Secretary, 1979.
Series:Department ciruclar - Treasury Dept. : Public debt series ; no. 29-78
Subjects:

MARC

Tag First Indicator Second Indicator Subfields
LEADER 00000cam a2200000 i 4500
001 in00000817521
005 20151017111835.0
008 800111s1979 dcu f00010 eng d
010 |a gp 80008788  
020 |c pbk. 
035 |a (OCoLC)05869137 
035 |9 ADU2912AM 
037 |b 20220 
040 |a GPO  |c GPO  |d UtOrBLW 
043 |a n-us--- 
074 |a 924 
086 0 |a T 1.4/3:29-78 
110 1 |a United States.  |b Department of the Treasury. 
245 1 0 |a United States of America Treasury notes of December 31, 1980, series W-1980. 
264 1 |a Washington :  |b Treasury Dept., Office of the Secretary,  |c 1979. 
300 |a 4 pages ;  |c 27 cm. 
336 |a text  |b txt  |2 rdacontent 
337 |a unmediated  |b n  |2 rdamedia 
338 |a volume  |b nc  |2 rdacarrier 
490 1 |a Department ciruclar - Treasury Dept. : Public debt series ; no. 29-78 
500 |a Dec. 14, 1978. 
650 0 |a Securities  |z United States. 
650 0 |a Debts, Public  |z United States. 
740 0 |a Treasury notes of December 31, 1980. 
810 1 |a United States.  |b Treasury Department.  |t Department circular - Treasury Dept. : Public debt series ;  |v no. 29-78. 
999 |a MARS 
999 f f |s ffa358c2-70df-3639-b7eb-625f1ffab9b2  |i abe89307-ceab-3da0-9294-1d804c043aac  |t 0 
952 f f |p normal  |a Texas A&M University  |b College Station  |c Sterling C. Evans Library  |d Evans: US Documents (Annex 5th floor)  |t 0  |e T 1.4/3:29-78  |h Superintendent of Documents classification  |i unmediated -- volume  |m A14815229771 
998 f f |a T 1.4/3:29-78  |t 0  |l Evans: US Documents (Annex 5th floor)